000
00331nam a2200121Ia 4500
008
240624s9999 xx 000 0 und d
041
_a
eng
082
_a
299.936 HUB
100
_a
HUBBARD L RON
245
_a
SCIENTOLOGY A HISTORY OF MAN ANTEDILUVIA
260
_c
2007
_a
Denmark
_b
New Era Publications
300
_a
247 : p. : cm. ; 24
999
_c
12433
_d
12433